Χώρες στη Σωστή Πλευρά του Ισημερινού - Ξαφνικός θάνατος - Statistics

General Stats
  • This quiz has been taken 12 times
  • The average score is 5 of 16
Answers on the Grid
Answers color-coded by a green-red scale on the quiz's grid according to % correct below.
Αίγυπτος
Γουιάνα
Ινδία
Παραγουάη
Αιθιοπία
Φιλιππίνες
Σαουδική Αραβία
Παπούα Νέα Γουινέα
Μαδαγασκάρη
Περού
Ταϊλάνδη
Παναμάς
–––––
ΙΣΗΜΕΡΙΝΌΣ
–––––
Ζιμπάμπουε
Βολιβία
Ιράκ
Κούβα
Ανγκόλα
Βενεζουέλα
Μαλάουι
Χιλή
Τανζανία
Νέα Ζηλανδία
Φίτζι
Τυνησία
 
Answer Stats
Answer % Correct
Χιλή
80%
Αίγυπτος
60%
Γουιάνα
60%
Φιλιππίνες
60%
Ινδία
40%
Σαουδική Αραβία
40%
Παναμάς
40%
Νέα Ζηλανδία
40%
Ταϊλάνδη
20%
Ζιμπάμπουε
20%
Βολιβία
20%
Μαλάουι
20%
Τανζανία
20%
Φίτζι
20%
Αιθιοπία
0%
Ανγκόλα
0%
No matching quizzes found
Score Distribution
Percent of People with Each Score
Percentile by Number Answered
Your Score History
You have not taken this quiz